Normal view
MARC view
- SUPERVISORS ASST PROF SAHEEB A. KAYANI ASST PROF DR RAJA AMER AZIM
Entry Personal Name
001 - CONTROL NUMBER
- control field: 70617
003 - CONTROL NUMBER IDENTIFIER
- control field: NUST
005 - DATE AND TIME OF LATEST TRANSACTION
- control field: 20210628204527.0
008 - FIXED-LENGTH DATA ELEMENTS
- fixed length control field: 210628|| aca||aabn | a|a d
040 ## - CATALOGING SOURCE
- Original cataloging agency: NUST
- Transcribing agency: NUST
100 ## - HEADING--PERSONAL NAME
- Personal name: SUPERVISORS ASST PROF SAHEEB A. KAYANI ASST PROF DR RAJA AMER AZIM
670 ## - SOURCE DATA FOUND
- Source citation: Work cat.: (NUST): GC OSAMA KHAN GC RAJA ALI BIN ABID GC ABDULLAH ZAFAR 70616, PR-SOF-1826-DESIGN AND FABRICATION OF ROCKER BOGIE MECHANISM BASED UGV FOR TACTICAL SURVEILLANCE, 2019
